Find Me - Sigma Feat. Birdy - All Lyrics - Statistics

General Stats
  • This quiz has been taken 3 times
  • The average score is 173 of 298
Answer Stats
Answer % Correct
be
100%
come
100%
Come
100%
find
100%
for
100%
forever
100%
I
100%
If
100%
(if
100%
I'll
100%
me
100%
ready,
100%
ready
100%
ready)
100%
ready),
100%
you
100%
you,
100%
your
100%
you're
100%
a
50%
Ah,
50%
always
50%
burning
50%
darkness
50%
fire,
50%
go
50%
goodbye
50%
is
50%
Like
50%
love,
50%
open
50%
open)
50%
peace
50%
river,
50%
run
50%
running
50%
said
50%
searching
50%
the
50%
they
50%
to
50%
told
50%
waiting,
50%
what
50%
and
0%
Blinding
0%
But
0%
enough
0%
get
0%
give
0%
heart
0%
Heart
0%
(heart
0%
here
0%
home
0%
in
0%
It's
0%
keep
0%
know
0%
last
0%
leave
0%
light
0%
losing
0%
lost
0%
made
0%
many
0%
never
0%
now
0%
once
0%
our
0%
right
0%
see
0%
So
0%
taking
0%
tears
0%
That's
0%
this
0%
This
0%
times
0%
up
0%
us,
0%
way
0%
We
0%
we've
0%
We've
0%
where
0%
you'll
0%
No matching quizzes found
Score Distribution
Percent of People with Each Score
Percentile by Number Answered
Your Score History
You have not taken this quiz